| 000 | 00436nam a2200157 i 4500 | ||
|---|---|---|---|
| 001 | 92884 | ||
| 003 | ES-MaACL | ||
| 005 | 20230906181058.0 | ||
| 007 | t| | ||
| 008 | 050330s1947 sp ||||1| spa d | ||
| 100 | 1 |
_aLizón Gadea, Adolfo. _972627 |
|
| 245 | 1 | 0 |
_aSaulo, el leproso _b: novela / _cAdolfo Lizón Gadea. |
| 260 |
_aMadrid : _bAfrodisio Aguado, _c1947. |
||
| 300 |
_a235 p. ; _c20 cm. |
||
| 852 |
_aES-MaACL _jD-6155 _bR.30616 |
||
| 999 |
_c92884 _d92884 |
||